[Event "World Youth & Cadets Rapid Championships"]
[Site "Rhodes, Greece"]
[Date "2022.05.01"]
[Round "1.24"]
[White "Gibala, Adam"]
[Black "Kovacs, Abel"]
[Result "0-1"]
[TimeControl "10'/game & 5\"/move"]
[WhiteElo "1603"]
[BlackElo "1267"]

1. e4 {[%clk 00:10:09]} {[%emt 00:00:01]} e5 {[%emt 00:00:03]} 2. Nf3 {[%clk
00:10:11]} Nc6 {[%clk 00:10:12]} {[%emt 00:00:02]} 3. Bb5 {[%clk 00:10:15]}
{[%emt 00:00:02]} a6 {[%clk 00:10:13]} {[%emt 00:00:03]} 4. Ba4 {[%clk
00:10:17]} {[%emt 00:00:03]} b5 {[%clk 00:10:14]} {[%emt 00:00:04]} 5. Bb3
{[%clk 00:10:20]} Nf6 {[%clk 00:10:17]} {[%emt 00:00:03]} 6. d3 {[%clk
00:10:20]} {[%emt 00:00:06]} Bc5 {[%clk 00:10:17]} {[%emt 00:00:05]} 7. O-O
{[%clk 00:10:19]} {[%emt 00:00:05]} O-O {[%clk 00:10:14]} {[%emt 00:00:08]} 8.
Nbd2 {[%clk 00:10:19]} {[%emt 00:00:05]} d6 {[%clk 00:10:12]} {[%emt 00:00:07]}
9. a4 {[%clk 00:10:21]} {[%emt 00:00:03]} bxa4 {[%clk 00:10:06]} {[%emt
00:00:11]} 10. Bxa4 {[%clk 00:10:23]} {[%emt 00:00:04]} Bd7 {[%clk 00:10:07]}
{[%emt 00:00:03]} 11. Nc4 {[%clk 00:10:24]} {[%emt 00:00:04]} Nd4 {[%clk
00:09:42]} {[%emt 00:00:30]} 12. Nxd4 {[%clk 00:10:08]} {[%emt 00:00:21]} Bxd4
{[%clk 00:09:30]} {[%emt 00:00:17]} 13. Bxd7 {[%clk 00:10:06]} {[%emt
00:00:07]} Qxd7 {[%clk 00:09:31]} {[%emt 00:00:04]} 14. c3 {[%clk 00:10:07]}
{[%emt 00:00:05]} Bb6 {[%clk 00:09:27]} {[%emt 00:00:09]} 15. Be3 {[%clk
00:09:46]} {[%emt 00:00:26]} Bxe3 {[%clk 00:09:16]} {[%emt 00:00:16]} 16. Nxe3
{[%clk 00:09:48]} {[%emt 00:00:02]} Rfb8 {[%clk 00:09:09]} {[%emt 00:00:12]} 17.
Qc2 {[%clk 00:09:42]} {[%emt 00:00:12]} c6 {[%clk 00:08:58]} {[%emt 00:00:16]}
18. Ra2 {[%clk 00:09:19]} {[%emt 00:00:28]} d5 {[%clk 00:08:41]} {[%emt
00:00:21]} 19. exd5 {[%clk 00:09:11]} {[%emt 00:00:13]} cxd5 {[%clk 00:08:39]}
{[%emt 00:00:06]} 20. Rfa1 {[%clk 00:09:04]} {[%emt 00:00:14]} Rb6 {[%clk
00:08:20]} {[%emt 00:00:24]} 21. b4 {[%clk 00:08:55]} {[%emt 00:00:14]} d4
{[%clk 00:07:30]} {[%emt 00:00:55]} 22. Nc4 {[%clk 00:08:57]} {[%emt 00:00:03]}
Re6 {[%clk 00:06:59]} {[%emt 00:00:35]} 23. cxd4 {[%clk 00:08:34]} {[%emt
00:00:29]} exd4 {[%clk 00:06:51]} {[%emt 00:00:12]} 24. Qb2 {[%clk 00:08:26]}
{[%emt 00:00:13]} Qe7 {[%clk 00:05:05]} {[%emt 00:01:51]} 25. Qd2 {[%clk
00:07:40]} {[%emt 00:00:51]} Re8 {[%clk 00:04:13]} {[%emt 00:00:57]} 26. Kf1
{[%clk 00:07:42]} {[%emt 00:00:04]} Nd5 {[%clk 00:03:55]} {[%emt 00:00:22]} 27.
Rb2 {[%clk 00:06:03]} {[%emt 00:01:45]} Nc3 {[%clk 00:03:47]} {[%emt 00:00:12]}
28. Qc1 {[%clk 00:05:00]} {[%emt 00:01:08]} h6 {[%clk 00:03:38]} {[%emt
00:00:15]} 29. Nd2 {[%clk 00:03:24]} {[%emt 00:01:42]} Qc7 {[%clk 00:02:56]}
{[%emt 00:00:46]} 30. Nf3 {[%clk 00:03:16]} {[%emt 00:00:13]} Qd6 {[%clk
00:01:46]} {[%emt 00:01:15]} 31. Ra3 {[%clk 00:01:00]} {[%emt 00:02:20]} Qe7
{[%clk 00:01:13]} {[%emt 00:00:38]} 32. Ra1 {[%clk 00:01:01]} {[%emt 00:00:06]}
Ne2 {[%clk 00:01:05]} {[%emt 00:00:12]} 33. Qd2 {[%clk 00:00:34]} {[%emt
00:00:31]} Nc3 {[%clk 00:00:52]} {[%emt 00:00:18]} 34. Nxd4 {[%clk 00:00:28]}
{[%emt 00:00:12]} Qh4 {[%clk 00:00:16]} {[%emt 00:00:40]} 35. Nf3 {[%clk
00:00:26]} {[%emt 00:00:08]} Qf6 {[%clk 00:00:17]} {[%emt 00:00:03]} 36. Rc1
{[%clk 00:00:16]} {[%emt 00:00:16]} Ne2 {[%clk 00:00:16]} {[%emt 00:00:05]} 37.
Re1 {[%clk 00:00:15]} {[%emt 00:00:06]} Qe7 {[%clk 00:00:14]} {[%emt 00:00:08]}
38. Qd1 {[%clk 00:00:13]} {[%emt 00:00:07]} Nf4 {[%clk 00:00:10]} {[%emt
00:00:08]} 39. Rxe6 {[%clk 00:00:16]} {[%emt 00:00:03]} Nxe6 {[%clk 00:00:12]}
{[%emt 00:00:02]} 40. Kg1 {[%clk 00:00:11]} {[%emt 00:00:11]} Nd4 {[%emt
00:00:12]} 41. h3 {[%clk 00:00:08]} Nxf3+ {[%clk 00:00:14]} {[%emt 00:00:03]}
42. Qxf3 {[%clk 00:00:12]} Qe1+ {[%clk 00:00:17]} {[%emt 00:00:02]} 43. Kh2
{[%clk 00:00:16]} {[%emt 00:00:01]} Qe5+ {[%clk 00:00:21]} {[%emt 00:00:01]} 44.
Qg3 {[%clk 00:00:18]} {[%emt 00:00:03]} Qxb2 {[%clk 00:00:24]} {[%emt
00:00:02]} 45. Qd6 {[%clk 00:00:22]} Qd2 {[%clk 00:00:26]} {[%emt 00:00:03]} 46.
f3 {[%clk 00:00:23]} {[%emt 00:00:04]} Re2 {[%clk 00:00:29]} {[%emt 00:00:02]}
47. Qb8+ {[%clk 00:00:18]} {[%emt 00:00:11]} Kh7 {[%clk 00:00:31]} {[%emt
00:00:02]} 0-1

[Event "World Youth & Cadets Rapid Championships"]
[Site "Rhodes, Greece"]
[Date "2022.05.01"]
[Round "1.25"]
[White "Skytte, Robert"]
[Black "Hanache, Kai"]
[Result "0-1"]
[TimeControl "10'/game & 5\"/move"]
[WhiteElo "1257"]
[BlackElo "1561"]

1. Nf3 {[%clk 00:10:09]} Nf6 {[%emt 00:00:06]} 2. g3 {[%clk 00:10:09]} g6
{[%clk 00:10:13]} 3. Bg2 {[%clk 00:10:13]} {[%emt 00:00:02]} Bg7 {[%clk
00:10:16]} {[%emt 00:00:02]} 4. O-O {[%clk 00:10:16]} {[%emt 00:00:02]} O-O
{[%clk 00:10:19]} {[%emt 00:00:02]} 5. d4 {[%clk 00:10:19]} {[%emt 00:00:02]}
e6 {[%clk 00:10:23]} {[%emt 00:00:02]} 6. c4 {[%clk 00:10:18]} {[%emt
00:00:06]} d5 {[%clk 00:10:26]} {[%emt 00:00:02]} 7. Nc3 {[%clk 00:10:22]}
{[%emt 00:00:01]} c6 {[%clk 00:10:28]} {[%emt 00:00:04]} 8. Bf4 {[%clk
00:10:22]} {[%emt 00:00:05]} Re8 {[%clk 00:10:29]} {[%emt 00:00:03]} 9. Qc2
{[%clk 00:10:13]} {[%emt 00:00:14]} Nbd7 {[%clk 00:10:25]} {[%emt 00:00:09]} 10.
Rad1 {[%clk 00:10:15]} {[%emt 00:00:03]} dxc4 {[%clk 00:10:22]} {[%emt
00:00:09]} 11. a4 {[%clk 00:10:07]} {[%emt 00:00:13]} Nd5 {[%clk 00:10:19]}
{[%emt 00:00:08]} 12. Bd6 {[%clk 00:09:59]} {[%emt 00:00:12]} N7f6 {[%clk
00:10:09]} {[%emt 00:00:15]} 13. Ba3 {[%clk 00:09:53]} {[%emt 00:00:12]} Qa5
{[%clk 00:09:56]} {[%emt 00:00:17]} 14. Rfe1 {[%clk 00:09:43]} {[%emt
00:00:15]} Nxc3 {[%clk 00:09:50]} {[%emt 00:00:12]} 15. bxc3 {[%clk 00:09:45]}
{[%emt 00:00:02]} Nd5 {[%clk 00:09:40]} {[%emt 00:00:16]} 16. Rc1 {[%clk
00:09:38]} {[%emt 00:00:12]} b5 {[%clk 00:09:34]} {[%emt 00:00:10]} 17. e4
{[%clk 00:09:36]} {[%emt 00:00:07]} Nb6 {[%clk 00:09:32]} {[%emt 00:00:06]} 18.
Bb4 {[%clk 00:09:26]} {[%emt 00:00:16]} Qxa4 {[%clk 00:09:31]} {[%emt
00:00:07]} 19. Qd2 {[%clk 00:09:22]} {[%emt 00:00:08]} Qa6 {[%clk 00:08:39]}
{[%emt 00:00:57]} 20. Ra1 {[%clk 00:09:16]} {[%emt 00:00:11]} Qb7 {[%clk
00:08:41]} {[%emt 00:00:02]} 21. Bc5 {[%clk 00:09:09]} {[%emt 00:00:12]} Na4
{[%clk 00:08:37]} {[%emt 00:00:09]} 22. Bb4 {[%clk 00:09:08]} {[%emt 00:00:06]}
a5 {[%clk 00:08:40]} {[%emt 00:00:01]} 23. Bd6 {[%clk 00:09:11]} {[%emt
00:00:03]} Bd7 {[%clk 00:08:39]} {[%emt 00:00:06]} 24. Reb1 {[%clk 00:08:51]}
{[%emt 00:00:25]} Nb6 {[%clk 00:08:35]} {[%emt 00:00:09]} 25. Qf4 {[%clk
00:08:41]} {[%emt 00:00:15]} h6 {[%clk 00:08:05]} {[%emt 00:00:36]} 26. h4
{[%clk 00:08:35]} {[%emt 00:00:10]} Nc8 {[%clk 00:07:59]} {[%emt 00:00:11]} 27.
Ba3 {[%clk 00:08:30]} {[%emt 00:00:10]} Ne7 {[%clk 00:07:58]} {[%emt 00:00:06]}
28. Qd6 {[%clk 00:08:12]} {[%emt 00:00:23]} Nc8 {[%clk 00:07:44]} {[%emt
00:00:19]} 29. Qf4 {[%clk 00:08:13]} {[%emt 00:00:04]} Nb6 {[%clk 00:07:45]}
{[%emt 00:00:04]} 30. Qd6 {[%clk 00:07:59]} {[%emt 00:00:20]} Bf8 {[%clk
00:07:35]} {[%emt 00:00:15]} 31. Qf4 {[%clk 00:07:58]} {[%emt 00:00:06]} Bxa3
{[%clk 00:07:31]} {[%emt 00:00:08]} 32. Rxa3 {[%clk 00:08:02]} {[%emt
00:00:02]} Kg7 {[%clk 00:06:49]} {[%emt 00:00:46]} 33. Nh2 {[%clk 00:07:57]}
{[%emt 00:00:11]} Qb8 {[%clk 00:06:35]} {[%emt 00:00:18]} 34. Qf3 {[%clk
00:07:55]} {[%emt 00:00:07]} e5 {[%clk 00:06:26]} {[%emt 00:00:15]} 35. Ng4
{[%clk 00:07:24]} {[%emt 00:00:35]} Bxg4 {[%clk 00:06:20]} {[%emt 00:00:11]} 36.
Qxg4 {[%clk 00:07:27]} {[%emt 00:00:02]} Qd6 {[%clk 00:06:19]} {[%emt
00:00:07]} 37. Ra2 {[%clk 00:07:20]} {[%emt 00:00:11]} exd4 {[%clk 00:06:20]}
{[%emt 00:00:04]} 38. Rd2 {[%clk 00:07:20]} {[%emt 00:00:05]} d3 {[%clk
00:06:18]} {[%emt 00:00:08]} 39. f4 {[%clk 00:07:07]} {[%emt 00:00:17]} b4
{[%clk 00:06:12]} {[%emt 00:00:11]} 40. cxb4 {[%clk 00:07:10]} {[%emt
00:00:03]} c3 {[%clk 00:06:10]} {[%emt 00:00:07]} 41. Rf2 {[%clk 00:07:03]}
{[%emt 00:00:12]} c2 {[%clk 00:06:01]} {[%emt 00:00:14]} 42. Ra1 {[%clk
00:06:56]} {[%emt 00:00:12]} d2 {[%clk 00:05:54]} {[%emt 00:00:11]} 43. h5
{[%clk 00:06:33]} {[%emt 00:00:29]} c1=Q+ {[%clk 00:05:51]} {[%emt 00:00:07]}
44. Rxc1 {[%emt 00:00:04]} dxc1=Q+ {[%emt 00:00:05]} 45. Kh2 {[%clk 00:06:25]}
{[%emt 00:00:04]} Qd7 {[%clk 00:05:46]} {[%emt 00:00:11]} 46. f5 {[%clk
00:06:24]} {[%emt 00:00:06]} Qg5 {[%clk 00:05:48]} {[%emt 00:00:03]} 47. Qxg5
{[%clk 00:06:23]} {[%emt 00:00:05]} hxg5 {[%clk 00:05:52]} {[%emt 00:00:01]} 48.
hxg6 {[%clk 00:06:22]} {[%emt 00:00:07]} Rh8+ {[%clk 00:05:55]} {[%emt
00:00:01]} 49. Kg1 {[%clk 00:06:21]} {[%emt 00:00:06]} Qd1+ {[%clk 00:05:59]}
{[%emt 00:00:01]} 50. Rf1 {[%clk 00:06:25]} {[%emt 00:00:02]} Qd4+ {[%clk
00:05:59]} {[%emt 00:00:04]} 51. Rf2 {[%clk 00:06:27]} {[%emt 00:00:03]} axb4
{[%clk 00:06:03]} {[%emt 00:00:02]} 52. gxf7 {[%clk 00:06:26]} {[%emt
00:00:05]} Ra1+ {[%clk 00:06:06]} {[%emt 00:00:02]} 53. Bf1 {[%clk 00:06:29]}
{[%emt 00:00:03]} Rxf1+ 54. Kxf1 {[%clk 00:06:31]} Qd1+ {[%clk 00:06:11]}
{[%emt 00:00:01]} 55. Kg2 {[%clk 00:06:32]} {[%emt 00:00:04]} Qh1# {[%clk
00:06:09]} 0-1

[Event "World Youth & Cadets Rapid Championships"]
[Site "Rhodes, Greece"]
[Date "2022.05.01"]
[Round "1.26"]
[White "Platonovs, Nikolajs"]
[Black "Hansen, Patrick Noumedem"]
[Result "1-0"]
[TimeControl "10'/game & 5\"/move"]
[WhiteElo "1551"]
[BlackElo "1238"]

1. e4 {[%clk 00:10:08]} {[%emt 00:00:02]} c6 {[%clk 00:10:08]} {[%emt
00:00:02]} 2. Nc3 {[%clk 00:10:07]} {[%emt 00:00:06]} d5 {[%clk 00:10:12]} 3.
Nf3 {[%clk 00:10:10]} {[%emt 00:00:02]} dxe4 {[%clk 00:10:15]} {[%emt
00:00:02]} 4. Nxe4 {[%clk 00:10:12]} {[%emt 00:00:03]} Nf6 {[%clk 00:10:18]}
{[%emt 00:00:02]} 5. Nxf6+ {[%clk 00:10:12]} {[%emt 00:00:05]} exf6 {[%clk
00:10:19]} {[%emt 00:00:04]} 6. d4 {[%clk 00:10:11]} {[%emt 00:00:06]} Bg4
{[%clk 00:10:18]} {[%emt 00:00:06]} 7. Be3 {[%clk 00:09:43]} {[%emt 00:00:33]}
Nd7 {[%clk 00:10:05]} {[%emt 00:00:18]} 8. h3 {[%clk 00:09:36]} {[%emt
00:00:13]} Bh5 {[%clk 00:09:34]} {[%emt 00:00:36]} 9. Be2 {[%clk 00:09:16]}
{[%emt 00:00:25]} Be7 {[%clk 00:09:16]} {[%emt 00:00:23]} 10. O-O {[%clk
00:08:17]} {[%emt 00:01:04]} f5 {[%clk 00:07:43]} {[%emt 00:01:37]} 11. c4
{[%clk 00:07:18]} {[%emt 00:01:04]} O-O {[%clk 00:07:16]} {[%emt 00:00:33]} 12.
b3 {[%clk 00:06:54]} {[%emt 00:00:30]} g6 {[%clk 00:05:24]} {[%emt 00:01:57]}
13. Qd2 {[%clk 00:06:11]} {[%emt 00:00:47]} Bxf3 {[%clk 00:05:14]} {[%emt
00:00:15]} 14. Bxf3 {[%clk 00:06:09]} {[%emt 00:00:07]} Bf6 {[%clk 00:05:15]}
{[%emt 00:00:04]} 15. Rad1 {[%clk 00:05:56]} {[%emt 00:00:16]} Nb6 {[%clk
00:04:49]} {[%emt 00:00:34]} 16. Rfe1 {[%clk 00:05:02]} {[%emt 00:00:58]} Re8
{[%clk 00:04:33]} {[%emt 00:00:21]} 17. g4 {[%clk 00:03:49]} {[%emt 00:01:19]}
fxg4 {[%clk 00:04:29]} {[%emt 00:00:08]} 18. hxg4 {[%clk 00:03:45]} {[%emt
00:00:09]} Qd7 {[%clk 00:04:22]} {[%emt 00:00:12]} 19. Kg2 {[%clk 00:03:12]}
{[%emt 00:00:38]} Rad8 {[%clk 00:04:11]} {[%emt 00:00:16]} 20. g5 {[%clk
00:02:19]} {[%emt 00:00:58]} Bg7 {[%clk 00:04:05]} {[%emt 00:00:12]} 21. Rh1
{[%clk 00:01:52]} {[%emt 00:00:31]} f6 {[%clk 00:03:58]} {[%emt 00:00:12]} 22.
gxf6 {[%clk 00:01:02]} {[%emt 00:00:55]} Bxf6 {[%clk 00:03:59]} {[%emt
00:00:04]} 23. d5 {[%clk 00:01:02]} {[%emt 00:00:05]} cxd5 {[%clk 00:04:02]}
{[%emt 00:00:02]} 24. Bxb6 {[%clk 00:01:05]} {[%emt 00:00:02]} axb6 {[%clk
00:04:04]} {[%emt 00:00:03]} 25. Bxd5+ {[%clk 00:01:08]} {[%emt 00:00:02]} Qe6
{[%clk 00:03:05]} {[%emt 00:02:14]} 26. Bxe6+ {[%clk 00:03:07]} {[%emt
00:00:05]} Rxe6 {[%clk 00:03:08]} {[%emt 00:00:02]} 27. Qh6 {[%clk 00:03:01]}
{[%emt 00:00:09]} Rxd1 {[%clk 00:02:43]} {[%emt 00:00:32]} 28. Qxh7+ {[%clk
00:03:03]} {[%emt 00:00:03]} Kf8 {[%clk 00:02:40]} {[%emt 00:00:08]} 29. Rxd1
{[%clk 00:03:03]} {[%emt 00:00:05]} Re5 {[%clk 00:02:33]} {[%emt 00:00:11]} 30.
Rd7 {[%clk 00:02:55]} {[%emt 00:00:12]} Re7 {[%clk 00:01:15]} {[%emt 00:01:25]}
31. Rd8+ {[%clk 00:02:54]} {[%emt 00:00:07]} Re8 {[%clk 00:01:09]} {[%emt
00:00:11]} 32. Rxe8+ {[%clk 00:02:56]} {[%emt 00:00:01]} Kxe8 {[%clk 00:01:11]}
{[%emt 00:00:03]} 33. Qxg6+ {[%clk 00:02:59]} {[%emt 00:00:02]} Ke7 {[%clk
00:01:13]} {[%emt 00:00:02]} 34. Qxf6+ {[%clk 00:03:03]} {[%emt 00:00:02]} Kxf6
{[%emt 00:00:03]} 35. Kf3 {[%clk 00:03:05]} {[%emt 00:00:02]} Kf5 {[%clk
00:01:21]} 36. a4 {[%clk 00:03:08]} {[%emt 00:00:02]} Ke5 {[%clk 00:01:24]}
{[%emt 00:00:02]} 37. Ke3 {[%clk 00:03:12]} Kd6 {[%clk 00:01:28]} {[%emt
00:00:02]} 38. Kd4 {[%clk 00:03:15]} {[%emt 00:00:01]} Ke6 {[%clk 00:01:31]}
{[%emt 00:00:03]} 39. Ke4 {[%clk 00:03:16]} {[%emt 00:00:03]} Kd6 {[%clk
00:01:33]} {[%emt 00:00:03]} 40. b4 {[%clk 00:03:20]} {[%emt 00:00:01]} Ke6
{[%clk 00:01:25]} {[%emt 00:00:13]} 41. f4 {[%clk 00:03:24]} Kf6 {[%clk
00:01:24]} {[%emt 00:00:05]} 42. c5 {[%clk 00:03:25]} {[%emt 00:00:04]} bxc5
{[%clk 00:01:25]} {[%emt 00:00:04]} 43. bxc5 {[%clk 00:03:29]} Ke6 {[%clk
00:01:28]} {[%emt 00:00:02]} 44. f5+ {[%clk 00:03:31]} {[%emt 00:00:03]} Kf6
{[%clk 00:01:29]} {[%emt 00:00:04]} 45. a5 {[%clk 00:03:34]} {[%emt 00:00:02]}
Kf7 {[%clk 00:01:31]} {[%emt 00:00:03]} 46. c6 {[%clk 00:03:36]} {[%emt
00:00:03]} bxc6 {[%clk 00:01:34]} {[%emt 00:00:02]} 47. a6 {[%clk 00:03:41]} c5
{[%clk 00:01:38]} {[%emt 00:00:02]} 48. a7 {[%clk 00:03:45]} c4 {[%emt
00:00:05]} 49. a8=Q {[%clk 00:03:45]} c3 {[%clk 00:01:45]} {[%emt 00:00:02]} 50.
Qd5+ {[%clk 00:03:47]} {[%emt 00:00:02]} Ke8 {[%clk 00:01:45]} {[%emt
00:00:06]} 51. Qc6+ {[%clk 00:03:47]} {[%emt 00:00:04]} Kf7 {[%clk 00:01:46]}
{[%emt 00:00:04]} 52. Qxc3 {[%clk 00:03:49]} {[%emt 00:00:02]} Kg8 {[%clk
00:01:49]} {[%emt 00:00:02]} 53. Qf6 {[%clk 00:03:50]} {[%emt 00:00:02]} Kh7
{[%clk 00:01:53]} {[%emt 00:00:03]} 54. Qf7+ {[%clk 00:03:52]} {[%emt
00:00:04]} Kh8 {[%clk 00:01:55]} {[%emt 00:00:01]} 55. Qd7 {[%clk 00:03:52]}
{[%emt 00:00:06]} Kg8 {[%clk 00:01:59]} {[%emt 00:00:02]} 56. f6 {[%clk
00:03:56]} Kf8 {[%clk 00:02:00]} {[%emt 00:00:04]} 57. Qe7+ {[%clk 00:04:00]}
Kg8 {[%clk 00:02:04]} {[%emt 00:00:02]} 58. Qg7# {[%clk 00:04:04]} 1-0

[Event "World Youth & Cadets Rapid Championships"]
[Site "Rhodes, Greece"]
[Date "2022.05.01"]
[Round "1.31"]
[White "Nurgali, Nazerke"]
[Black "Siekanska, Zuzanna"]
[Result "1-0"]
[TimeControl "10'/game & 5\"/move"]
[WhiteElo "2056"]
[BlackElo "1623"]

1. d4 {[%clk 00:10:09]} Nf6 {[%clk 00:10:07]} {[%emt 00:00:03]} 2. Nf3 {[%clk
00:10:12]} {[%emt 00:00:02]} g6 {[%clk 00:10:10]} {[%emt 00:00:02]} 3. c4
{[%clk 00:10:15]} {[%emt 00:00:02]} Bg7 {[%clk 00:10:12]} {[%emt 00:00:02]} 4.
Nc3 {[%clk 00:10:18]} {[%emt 00:00:03]} O-O {[%clk 00:10:14]} {[%emt 00:00:03]}
5. e4 {[%clk 00:10:21]} {[%emt 00:00:02]} d6 {[%clk 00:10:17]} {[%emt
00:00:02]} 6. Be2 {[%clk 00:10:23]} {[%emt 00:00:03]} e5 {[%clk 00:09:51]}
{[%emt 00:00:30]} 7. dxe5 {[%clk 00:10:26]} {[%emt 00:00:03]} dxe5 {[%clk
00:09:53]} {[%emt 00:00:02]} 8. Qxd8 {[%clk 00:10:29]} {[%emt 00:00:03]} Rxd8
{[%clk 00:09:56]} {[%emt 00:00:02]} 9. Bg5 {[%clk 00:10:32]} {[%emt 00:00:02]}
Re8 {[%clk 00:09:53]} {[%emt 00:00:08]} 10. O-O-O {[%clk 00:10:33]} {[%emt
00:00:04]} h6 {[%clk 00:09:25]} {[%emt 00:00:33]} 11. Bh4 {[%clk 00:10:15]}
{[%emt 00:00:23]} Na6 {[%clk 00:08:45]} {[%emt 00:00:45]} 12. Nd2 {[%clk
00:10:08]} {[%emt 00:00:11]} c6 {[%clk 00:08:37]} {[%emt 00:00:13]} 13. f3
{[%clk 00:09:38]} {[%emt 00:00:35]} Nc7 {[%clk 00:08:21]} {[%emt 00:00:22]} 14.
Nb3 {[%clk 00:09:34]} {[%emt 00:00:08]} Ne6 {[%clk 00:08:20]} {[%emt 00:00:06]}
15. Bf2 {[%clk 00:09:26]} {[%emt 00:00:14]} b6 {[%clk 00:07:27]} {[%emt
00:00:57]} 16. g3 {[%clk 00:08:48]} {[%emt 00:00:43]} Bb7 {[%clk 00:06:53]}
{[%emt 00:00:39]} 17. c5 {[%clk 00:08:30]} {[%emt 00:00:24]} b5 {[%clk
00:06:17]} {[%emt 00:00:41]} 18. Na5 {[%clk 00:08:26]} {[%emt 00:00:10]} Rab8
{[%clk 00:05:59]} {[%emt 00:00:23]} 19. b4 {[%clk 00:08:26]} {[%emt 00:00:05]}
Ba8 {[%clk 00:05:57]} {[%emt 00:00:07]} 20. Nb3 {[%clk 00:07:59]} {[%emt
00:00:31]} Red8 {[%clk 00:05:51]} {[%emt 00:00:11]} 21. Rxd8+ {[%clk 00:07:26]}
{[%emt 00:00:38]} Rxd8 {[%clk 00:05:55]} {[%emt 00:00:02]} 22. Rd1 {[%clk
00:07:29]} {[%emt 00:00:01]} Rxd1+ {[%clk 00:05:32]} {[%emt 00:00:27]} 23. Nxd1
{[%clk 00:07:26]} {[%emt 00:00:08]} Ne8 {[%clk 00:05:20]} {[%emt 00:00:18]} 24.
Nb2 {[%clk 00:06:42]} {[%emt 00:00:49]} N8c7 {[%clk 00:05:01]} {[%emt
00:00:24]} 25. Nd3 {[%clk 00:06:30]} {[%emt 00:00:16]} Kf8 {[%clk 00:04:44]}
{[%emt 00:00:22]} 26. Be1 {[%clk 00:06:25]} {[%emt 00:00:10]} Bb7 {[%clk
00:04:08]} {[%emt 00:00:42]} 27. Bc3 {[%clk 00:06:20]} {[%emt 00:00:10]} Nd4
{[%clk 00:04:04]} {[%emt 00:00:09]} 28. Bxd4 {[%clk 00:05:50]} {[%emt
00:00:35]} exd4 {[%clk 00:04:04]} {[%emt 00:00:04]} 29. e5 {[%clk 00:05:36]}
{[%emt 00:00:20]} Ne6 {[%clk 00:03:46]} {[%emt 00:00:23]} 30. f4 {[%clk
00:05:37]} {[%emt 00:00:04]} f6 {[%clk 00:03:15]} {[%emt 00:00:35]} 31. Na5
{[%clk 00:05:11]} {[%emt 00:00:32]} Ba8 {[%clk 00:03:04]} {[%emt 00:00:16]} 32.
Bf3 {[%clk 00:04:55]} {[%emt 00:00:21]} fxe5 {[%clk 00:03:01]} {[%emt
00:00:08]} 33. fxe5 {[%clk 00:04:29]} {[%emt 00:00:31]} Ng5 {[%clk 00:02:28]}
{[%emt 00:00:38]} 34. Bxc6 {[%clk 00:04:16]} {[%emt 00:00:18]} Bxc6 {[%clk
00:02:30]} {[%emt 00:00:02]} 35. Nxc6 {[%clk 00:04:20]} a6 {[%clk 00:02:12]}
{[%emt 00:00:25]} 36. Nb8 {[%clk 00:03:48]} {[%emt 00:00:36]} Nf3 {[%clk
00:02:14]} {[%emt 00:00:04]} 37. c6 {[%clk 00:03:44]} {[%emt 00:00:09]} Nxe5
{[%clk 00:01:47]} {[%emt 00:00:31]} 38. Nxe5 {[%clk 00:03:48]} {[%emt
00:00:02]} Bxe5 {[%clk 00:01:50]} {[%emt 00:00:02]} 39. Nd7+ {[%clk 00:03:51]}
{[%emt 00:00:02]} 1-0

[Event "World Youth & Cadets Rapid Championships"]
[Site "Rhodes, Greece"]
[Date "2022.05.01"]
[Round "1.32"]
[White "Krzyzosiak, Marta"]
[Black "Hryzlova, Sofiia"]
[Result "0-1"]
[TimeControl "10'/game & 5\"/move"]
[WhiteElo "1603"]
[BlackElo "2011"]

1. Nf3 {[%clk 00:10:06]} {[%emt 00:00:02]} Nf6 {[%clk 00:10:07]} {[%emt
00:00:03]} 2. g3 {[%clk 00:10:09]} {[%emt 00:00:02]} g6 {[%clk 00:10:07]}
{[%emt 00:00:05]} 3. Bg2 {[%clk 00:10:11]} {[%emt 00:00:02]} Bg7 {[%clk
00:10:10]} {[%emt 00:00:03]} 4. O-O {[%clk 00:10:13]} {[%emt 00:00:03]} d6
{[%clk 00:10:12]} {[%emt 00:00:04]} 5. d3 {[%clk 00:10:15]} {[%emt 00:00:03]}
O-O {[%clk 00:10:12]} {[%emt 00:00:03]} 6. e4 {[%clk 00:10:17]} {[%emt
00:00:04]} c5 {[%clk 00:09:55]} {[%emt 00:00:23]} 7. c3 {[%clk 00:10:11]}
{[%emt 00:00:10]} Nc6 {[%clk 00:09:30]} {[%emt 00:00:30]} 8. Nbd2 {[%clk
00:09:51]} {[%emt 00:00:25]} e5 {[%clk 00:08:40]} {[%emt 00:00:55]} 9. Ne1
{[%clk 00:08:53]} {[%emt 00:01:03]} d5 {[%clk 00:07:14]} {[%emt 00:01:32]} 10.
f4 {[%clk 00:07:08]} {[%emt 00:01:49]} dxe4 {[%clk 00:06:47]} {[%emt 00:00:32]}
11. dxe4 {[%clk 00:06:42]} {[%emt 00:00:31]} b6 {[%clk 00:06:17]} {[%emt
00:00:36]} 12. a4 {[%clk 00:05:38]} {[%emt 00:01:08]} Ba6 {[%clk 00:05:44]}
{[%emt 00:00:37]} 13. Rf2 {[%clk 00:04:25]} {[%emt 00:01:19]} exf4 {[%clk
00:05:22]} {[%emt 00:00:27]} 14. gxf4 {[%clk 00:04:10]} {[%emt 00:00:20]} Qd7
{[%clk 00:05:22]} {[%emt 00:00:05]} 15. Qc2 {[%clk 00:03:34]} {[%emt 00:00:41]}
Rad8 {[%clk 00:03:44]} {[%emt 00:01:43]} 16. e5 {[%clk 00:02:14]} {[%emt
00:01:25]} Ng4 {[%clk 00:03:40]} {[%emt 00:00:09]} 17. Rf3 {[%clk 00:02:09]}
{[%emt 00:00:09]} f6 {[%clk 00:03:20]} {[%emt 00:00:26]} 18. h3 {[%clk
00:01:57]} {[%emt 00:00:16]} Nh6 {[%clk 00:03:13]} {[%emt 00:00:13]} 19. exf6
{[%clk 00:01:43]} {[%emt 00:00:20]} Rxf6 {[%clk 00:03:11]} {[%emt 00:00:06]} 20.
Ne4 {[%clk 00:01:38]} {[%emt 00:00:09]} Re6 {[%clk 00:03:12]} {[%emt 00:00:04]}
21. Ng5 {[%clk 00:01:26]} {[%emt 00:00:18]} Rxe1+ {[%clk 00:03:13]} {[%emt
00:00:04]} 22. Kf2 {[%clk 00:01:26]} {[%emt 00:00:04]} Re2+ {[%clk 00:03:16]}
{[%emt 00:00:03]} 23. Qxe2 {[%clk 00:01:29]} {[%emt 00:00:02]} Bxe2 {[%clk
00:03:18]} {[%emt 00:00:03]} 24. Kxe2 {[%clk 00:01:32]} {[%emt 00:00:02]} Qd1+
{[%emt 00:00:42]} 0-1